LEADER 00832nam0-22003131i-450- 001 990003091970403321 010 $a0-582-48923-7 035 $a000309197 035 $aFED01000309197 035 $a(Aleph)000309197FED01 035 $a000309197 100 $a20000920d1978----km-y0itay50------ba 101 0 $aeng 102 $aIT 200 1 $aHistorical Patterns of Industrialization$fTom Kemp. 205 $a4. impr. 210 $aHarlow$cLongmans$d\c\\1978. 215 $a183 p.$d22 cm 610 0 $aIndustrializzazione$aStoria 676 $aE/4.1 700 1$aKemp,$bTom$0123496 801 0$aIT$bUNINA$gRICA$2UNIMARC 901 $aBK 912 $a990003091970403321 952 $aE/4.1 KEM/84$b5047$fSES 959 $aSES 996 $aHistorical Patterns of Industrialization$9459087 997 $aUNINA DB $aING01 LEADER 01506nam 2200373 n 450 001 996387882103316 005 20221108082209.0 035 $a(CKB)1000000000625624 035 $a(EEBO)2240895633 035 $a(UnM)99830628 035 $a(UnM)9928015500971 035 $a(EXLCZ)991000000000625624 100 $a19950823d1666 uy | 101 0 $aeng 135 $aurbn||||a|bb| 200 04$aThe dreadfulness of the plague. Or A sermon preached in the parish-church of St. John the Evangelist, December 6th. being a day of public fasting. By Jos. Hunter M.A. and minister in York$b[electronic resource] 210 $aYork $cprinted by Stphen Bulkley, and are to be sold by Francis Mawbarne$d1666 215 $a[8], 24 p 300 $aWith a preliminary imprimatur leaf dated Jan. 22. 1665. 300 $aReproduction of the original in the University College Library, Oxford. 330 $aeebo-0162 606 $aSermons, English$y17th century 606 $aPlague$zEngland$vSermons$vEarly works to 1800 615 0$aSermons, English 615 0$aPlague 700 $aHunter$b Josiah$cminister in York.$01014293 801 0$bCu-RivES 801 1$bCu-RivES 801 2$bCStRLIN 801 2$bWaOLN 906 $aBOOK 912 $a996387882103316 996 $aThe dreadfulness of the plague. Or A sermon preached in the parish-church of St. John the Evangelist, December 6th. being a day of public fasting. By Jos. Hunter M.A. and minister in York$92418608 997 $aUNISA